00669nam a2200229 a 4500001001300000003000900013005001700022008004100039020001000080082001700090100001700107245004300124260003400167300000800201500003500209650003100244700001700275902000800292942000700300952011700307999001500424nice12345678IN_TiNIC20260116011824.0070622s1966 hyda grp 000 0 urd  ac10000a340.59bHAM4 aHamidullah,  aImam Abu Hanifa Ki Tadwin Qanun Isalmi aHyderabadbNo Publisherc1966 a62p aincludes index and biblioraphy aIslamic-Law Hanafi History1 aHamidullah,  bSRS cBK 001040708StackRoom-aHMIbHMId2007-06-22g100.00l0o340.59 HAM4p06992r2007-06-22v100.00w2007-06-22yBK c4208d4208